| 000 | 01162nam a22002537a 4500 | ||
|---|---|---|---|
| 005 | 20110127111440.0 | ||
| 008 | 110127t xxu||||| |||| 00| 0 hin d | ||
| 010 | _aHIN-91648 | ||
| 020 |
_a9788186509470 _c350.00 |
||
| 035 | _aHN-63994 | ||
| 037 | _bDBAD / PUB | ||
| 040 |
_aDPL _bHN |
||
| 082 | _aउ | ||
| 100 |
_925632 _aशर्मा, अशोक कुमार |
||
| 245 |
_aफिर कहीं, कोई दीप जला... / _cअशोक कुमार शर्मा |
||
| 246 |
_aphir kahin kol deep jala... _bby Ashok Kumar Sharma |
||
| 260 |
_aदिल्ली _bशाश्वत प्रकाशन _c2011 |
||
| 270 |
_a5452, शिव मार्किट, न्यू चन्द्रावल, जवाहर नगर _bदिल्ली _e110007 |
||
| 300 |
_a240पृ. _c22सेमी (सजिल्द) |
||
| 650 |
_9657 _aहिन्दी कथा साहित्य |
||
| 700 | _925634 | ||
| 942 |
_2ddc _cHN _hउ _mशर्माअ |
||
| 999 |
_c50144 _d50144 |
||